[Event "Niedersachsen-ch U12"]
[Site "Norderney"]
[Date "2014.04.17"]
[Round "10"]
[White "Helmer, Jan"]
[Black "Schuette, Morris"]
[Result "1-0"]
[WhiteElo "1612"]
[BlackElo "1032"]
[PlyCount "99"]
[EventDate "2014.04.??"]
[EventType "swiss"]
[EventRounds "11"]
[EventCountry "GER"]
[SourceTitle "EXT 2017"]
[Source "ChessBase"]
[SourceDate "2016.10.25"]
[SourceVersion "1"]
[SourceVersionDate "2016.10.25"]
[SourceQuality "1"]

1. d4 d5 2. Nf3 e6 3. e3 f5 4. Ne5 c6 5. Qh5+ g6 6. Nxg6 Nf6 7. Qh3 Rg8 8. Nxf8 Rxf8 9. Bd3 b6 10. b3 Bb7 11. Ba3 Rg8 12. Nd2 Nbd7 13. Nf3 Qc7 14. c4 0-0-0 15. Rc1 b5 16. 0-0 b4 17. Bxb4 c5 18. dxc5 dxc4 19. Bxc4 Nd5 20. c6 Nxb4 21. cxb7+ Kb8 22. Ba6 Qd6 23. Rc8+ Rxc8 24. bxc8Q+ Rxc8 25. Bxc8 Kxc8 26. Rc1+ Nc5 27. Qg3 Qd5 28. Qg8+ Kb7 29. Qg7+ Ka6 30. Qd4 Qxd4 31. Nxd4 Kb6 32. Rc4 Nxa2 33. b4 Na4 34. Rc6+ Kb7 35. Rxe6 Nxb4 36. Nxf5 Nc6 37. Rh6 Ka6 38. Rxc6+ Nb6 39. e4 h5 40. e5 Kb7 41. Rc1 a5 42. e6 Nc8 43. e7 h4 44. Rxc8 Kxc8 45. e8Q+ Kc7 46. Qe6 h3 47. Nd4 hxg2 48. Qc6+ Kb8 49. Qd7 a4 50. Nc6+ 1-0

[Event "Niedersachsen-ch U10"]
[Site "Rotenburg"]
[Date "2013.03.28"]
[Round "9"]
[White "Schuette, Morris"]
[Black "Laubrock, Johannes"]
[Result "0-1"]
[WhiteElo "765"]
[BlackElo "795"]
[PlyCount "38"]
[EventDate "2013.03.23"]
[EventType "swiss"]
[EventRounds "11"]
[EventCountry "GER"]
[SourceTitle "EXT 2015"]
[Source "ChessBase"]
[SourceDate "2014.11.20"]
[SourceVersion "1"]
[SourceVersionDate "2014.11.20"]
[SourceQuality "1"]

1. e4 e5 2. f4 exf4 3. Nf3 Nc6 4. d4 Nf6 5. Nc3 Bb4 6. a3 Bxc3+ 7. bxc3 d6 8. Bxf4 Nxe4 9. Qd3 Bf5 10. Ng5 Qe7 11. Nxe4 Qxe4+ 12. Qxe4+ Bxe4 13. 0-0-0 0-0 14. d5 Ne7 15. Rd4 Bxd5 16. Bg5 f6 17. Bd3 fxg5 18. Rf1 Bxg2 19. Rxf8+ Rxf8 0-1

[Event "Niedersachsen-ch U10"]
[Site "Rotenburg"]
[Date "2013.03.25"]
[Round "4"]
[White "Schwabenland, Max"]
[Black "Schuette, Morris"]
[Result "1-0"]
[WhiteElo "884"]
[BlackElo "765"]
[PlyCount "69"]
[EventDate "2013.03.23"]
[EventType "swiss"]
[EventRounds "11"]
[EventCountry "GER"]
[SourceTitle "EXT 2015"]
[Source "ChessBase"]
[SourceDate "2014.11.20"]
[SourceVersion "1"]
[SourceVersionDate "2014.11.20"]
[SourceQuality "1"]

1. e4 e5 2. c4 Bc5 3. Nc3 Nf6 4. g3 Nc6 5. Bg2 0-0 6. Nge2 d6 7. h3 Be6 8. d3 Qd7 9. 0-0 Rad8 10. Kh2 d5 11. cxd5 Nxe4 12. dxe4 Nd4 13. dxe6 Qxe6 14. Nxd4 Bxd4 15. Ne2 Bxf2 16. Qc2 Bb6 17. Bg5 f6 18. Bd2 c6 19. Bb4 c5 20. Bxc5 Bxc5 21. Qxc5 Qd7 22. Rad1 Qc6 23. Qxa7 Rxd1 24. Rxd1 Qc2 25. Nc3 Qxb2 26. Nd5 h6 27. Qb6 Qxa2 28. Ne7+ Kh7 29. Qxb7 Rf7 30. Rd7 Qa4 31. Bf3 Rf8 32. Nf5 Ra8 33. Rxg7+ Kh8 34. Rh7+ Kg8 35. Qg7# 1-0

[Event "Niedersachsen-ch U10"]
[Site "Rotenburg"]
[Date "2013.03.23"]
[Round "1"]
[White "Schuette, Morris"]
[Black "Brunner, Sophia"]
[Result "1-0"]
[WhiteElo "765"]
[BlackElo "1165"]
[PlyCount "57"]
[EventDate "2013.03.23"]
[EventType "swiss"]
[EventRounds "11"]
[EventCountry "GER"]
[SourceTitle "EXT 2015"]
[Source "ChessBase"]
[SourceDate "2014.11.20"]
[SourceVersion "1"]
[SourceVersionDate "2014.11.20"]
[SourceQuality "1"]

1. e4 c6 2. d4 d5 3. exd5 cxd5 4. Nf3 Nf6 5. Nc3 Nc6 6. Bg5 e6 7. Bb5 h6 8. Bxf6 Qxf6 9. 0-0 Bd6 10. Qe2 0-0 11. Rae1 Nxd4 12. Nxd4 Qxd4 13. Bd3 Re8 14. Nb5 Qb6 15. Nc3 Qxb2 16. Bb5 Re7 17. Na4 Qb4 18. Rb1 Qa5 19. Rfe1 a6 20. Nc3 Qxc3 21. Rb3 Qc7 22. Bd3 Bxh2+ 23. Kf1 Bd6 24. c3 e5 25. Bc2 Bd7 26. Qd3 Bb5 27. Rxb5 axb5 28. Qh7+ Kf8 29. Qh8# 1-0